000 00717nam a22001577a 4500
999 _c60776
_d60776
005 20231020104744.0
008 231020s1973 ru ||||| |||| 00| 0 rus d
041 _arus
080 _a930.27(37) C-60
100 _aСоломоник Э.И.
_920155
245 _aНовые эпиграфические памятники Херсонеса :
_bЛапидарные надписи /
_cЭ.И. Соломоник.
264 _aКиев :
_bНаукова Думка,
_c1973.
300 _a280 cтр.:
_bил.;
_c22 см.
653 _aხერსონესის ახალი ეპიგრაფიკული ძეგლები: ლაპიდარული წარწერები
942 _2udc
_cBK